00490naa a2200169 a 450000100080000000500110000800800410001910000170006024500500007726000090012730000130013665300110014965300170016065300130017765300170019077301130020710387492005-08-23 1988 bl uuuu u00u1 u #d1 aWERNER, R.A. aManejo pos-colheita e climatizacao da banana. c1988 ap.90-96. aBanana aClimatizacao aColheita aPos colheita tIn: CURSO DE APERFEICOAMENTO NA CULTURA DA BANANEIRA, 2., 1988, Itajai,SC. Itajai, SC: Empasc/Acaresc, 1988.